000 01254nam a2200289 a 4500
001 000007690
003 DO-SdBNP
005 20260424111843.0
008 090910s2009 dr r 000 0 spa d
040 _aDO-SdBNP
_bspa
_cBNPHU
082 4 _a347.077
_bM433j
_222
100 1 _aMatías Cueto, Aloides de Jesús
_921311
245 1 0 _aJurisprudencia y proceso penal :
_bcorte de apelación de Puerto Plata 2005-2008 /
_cAloides de Jesús Matías Cueto ; prólogo Eduardo Jorge Prats.
260 _aPuerto Plata, República Dominicana :
_bInstituto Caribeño para el Estado de Derecho,
_c2009.
300 _a160 p. ;
_c22 cm.
590 _aInventariado, 2019/BT
650 4 _aSentencias
_zPuerto Plata (República Dominicana)
_921312
650 4 _aProceso penal
_zPuerto Plata (República Dominicana)
_921313
650 0 _aJurisprudencia,
_xRecopilaciones, repertorios, etc.
_924052
650 4 _aDerecho procesal
_zRepública Dominicana
_921315
650 4 _aJurisprudencia civil
_zRepública Dominicana
_921316
650 4 _aDerecho civil
_zRepública Dominicana
_91058
650 4 _aJurisprudencia
_zRepública Dominicana
_921317
700 1 _aPrats, Eduardo Jorge
_epról.
_98316
910 _aValidado. Control de calidad. MMOLINA
942 _2ddc
_cLBS1
999 _c7470
_d7470